Statistiken für Geschichte Polens

Klicken Sie hier um das Quiz zu spielen!

Allgemein

  • Dieses Quiz wurde 47 mal gespielt
  • Das Durchschnittsergebnis liegt bei 13 aus 30

Antwortstatistiken

Nr.HinweisAntwort% Korrekt
6ADiktator unter dem Deutschland Polen 1939 überfiel
Adolf Hitler
92%
3JPolnischer Papst
Johannes Paul II
87%
1JPolnischer König der Wien 1683 entsetzte
Johann III Sobieski
82%
12KHauptstadt bis 1596
Krakau
77%
14SLand das gemeinsam mit Nazideutschland 1939 Polen überfiel
keine Achsenmacht
Sowjetunion
72%
7LIn der Union von Lublin 1569 wurde Polen mit diesem Großfürstentum vereint
Litauen
69%
2SUnabhängige Gewerkschaft 1980-heute
Solidarność
64%
17HVereinigung von Handelsstädten entlang der Ost- und Nordsee
unter anderen waren Thorn (Toruń) und Danzig (Gdańsk) Mitglied
Hanse
59%
211Vierte polnische Teilung
1815 | 1939
49%
16TVernichtender militärischer Sieg über #4 1410
Schlacht von {Tannenberg}
49%
25JGroße nichtchristliche Bevölkerungsgruppe die im Spätmittelalter und der frühen Neuzeit aus West- & Westmitteleuropa zugewandert ist
Juden
44%
11PAbhängiges Herzogtum 1525-1657
entstand aus #4
Preußen
41%
9SParlament der Rzeczpospolita
heute das Unterhaus des polnischen Parlaments
Sejm
41%
4DNördliches Nachbarland 1230-1525/61
Deutscher Orden
38%
28KPolnischer König 1333-1370
genannt "der Große"
Kasimir III
38%
15K
Von Polen abhängiger Kleinstaat mit Kolonien in Afrika und der Karibik
nicht #11
Kurland
38%
10
MHistorische Region Polens rund um Warschau
Masowien
36%
191Zweite polnische Teilung
1793
33%
201Dritte polnische Teilung1795
33%
13APolnische Untergrundarmee während des Zweiten Weltkriegs
nicht Armia Ludowa
Armia Krajowa
33%
8MErster christlicher Herrscher von Polen
Mieszko
33%
181Erste polnische Teilung
1772
31%
5BErster König Polens
genannt "Chobry" (der Tapfere)
Bolesław I
31%
23PMarschall von Polen
Befehlshaber beim Wunder an der Weichsel 1920
Józef {Piłsudski}
31%
24GPolnischer Name der Provinz Posen
Großpolen
26%
30PPolnische Herzogs-/Königsdynastie 960-1370
Piasten
21%
27LNiederlage eines deutsch-polnischen Ritterheeres gegen die Mongolen 1241
Schlacht bei {Liegnitz}
18%
22DPolnischer Nationalheld
Bedeutender General in den Napoleonischen Kriegen
Jan Henryk {Dąbrowski}
13%
29WPolnische Königsdynastie 1587-1668
Wasa
13%
26ABedeutenste ethnische Untergruppe von #25
Aschkenasim
5%

Verteilung der Resultate

Perzentil nach korrekt beantworteten Fragen

Anzahl Personen mit jedem Resultat

Ihre Resultats-Entwicklung

Sie haben dieses Quiz noch nicht gespielt